| 000 | 00557nam a2200193Ia 4500 | ||
|---|---|---|---|
| 005 | 20250508150135.0 | ||
| 008 | 008 250505s9999 xx 000 0 eng d | ||
| 037 | _aTextual | ||
| 040 |
_aFEDL _beng _cFEDL |
||
| 041 |
_aeng _2eng |
||
| 084 |
_a370.9547, BOM _qFEDL |
||
| 245 | 0 | _aReport of the secondary schools committee for the province of Bombay | |
| 245 | 0 | _cBombay. Education and Industries Department | |
| 260 | _c1948 | ||
| 300 | _a79p. | ||
| 650 | _aEducation | ||
| 942 |
_cTEXL _h370.9547, BOM |
||
| 999 |
_c1321965 _d1321965 |
||